01089nam a2200265Ia 450000500170000000800410001702000150005804100080007308200230008124501030010425000220020730000400022965000470026965000620031665000380037870000340041694200120045026400820046233600270054433700330057133800280060404000350063299900150066795201410068220220316235741.0121119s1990 ck a gr 000 0 spa  a95895271780 aspa04a793.3198615 bZ16M10aManual de danzas de la Costa Pacífica de Colombia cDelia Zapata Olivella, Edelmira Massa Zapata aPrimera edición a440 páginasbilustracionesc24 cm14aDanzas populares chocoanasvManuales2LEMB14aDanzas populares y nacionales colombianasvManuales2LEMB14aFolclorzChocó (Colombia)2LEMB1 aMassa Zapata, Edelmira911605 2ddccBK aSantafé de BogotábColegio Máximo de las Academias Colombianasc[1990?] atextobtxt2rdacontent asin mediaciónbn2rdamedia avolumenbnc2rdacarrier aCO-BoRNBPbspaerdacCO-BoRNBP c2039d2039 001040708001aMEVIGERRbMEVIGERRcGENd2004-09-20o793.3198615 Z16mpECA16597r2024-11-26 08:55:24tEj.1w2024-11-26yBKz2048 | 2431